The developmental psychology of Jean Piaget / (Record no. 1042)
[ view plain ]
| 000 -LEADER | |
|---|---|
| fixed length control field | 00598cam a2200181 4500 |
| 001 - CONTROL NUMBER | |
| control field | 1412 |
| 005 - DATE AND TIME OF LATEST TRANSACTION | |
| control field | 20181127163246.0 |
| 008 - FIXED-LENGTH DATA ELEMENTS--GENERAL INFORMATION | |
| fixed length control field | 711216s1963 njua 000 0 eng |
| 010 ## - LIBRARY OF CONGRESS CONTROL NUMBER | |
| LC control number | 63002423 |
| 100 1# - MAIN ENTRY--PERSONAL NAME | |
| Personal name | Flavell, John H. |
| 245 14 - TITLE STATEMENT | |
| Title | The developmental psychology of Jean Piaget / |
| Statement of responsibility, etc. | John H. Flavell; with a foreword by Jean Piaget. |
| 260 ## - PUBLICATION, DISTRIBUTION, ETC. | |
| Place of publication, distribution, etc. | Princeton, N.J. : |
| Name of publisher, distributor, etc. | Van Nostrand, |
| Date of publication, distribution, etc. | 1964. |
| 300 ## - PHYSICAL DESCRIPTION | |
| Extent | 472 p. : |
| Other physical details | ill. ; |
| Dimensions | 24 cm. |
| 490 0# - SERIES STATEMENT | |
| Series statement | The University series in psychology |
| 600 10 - SUBJECT ADDED ENTRY--PERSONAL NAME | |
| Personal name | Piaget, Jean, |
| Dates associated with a name | 1896-1980. |
| 650 #0 - SUBJECT ADDED ENTRY--TOPICAL TERM | |
| Topical term or geographic name entry element | Intellect. |
| 906 ## - | |
| -- | 7 |
| -- | cbc |
| -- | orignew |
| -- | u |
| -- | ocip |
| -- | 19 |
| -- | y-gencatlg |
| Withdrawn status | Lost status | Source of classification or shelving scheme | Damaged status | Not for loan | Collection code | Home library | Current library | Shelving location | Serial Enumeration / chronology | Inventory number | Total Checkouts | Full call number | Barcode | Date last seen | Price effective from | Koha item type |
|---|---|---|---|---|---|---|---|---|---|---|---|---|---|---|---|---|
| Dewey Decimal Classification | Main TEST | RTC Library | RTC Library | Main opac | 2100 | 155 FLA | 30005045 | 27/11/2018 | 27/11/2018 | Main |